| 000 | 03036cam a2200757 i 4500 | ||
|---|---|---|---|
| 001 | 2078051 | ||
| 005 | 20241220162542.0 | ||
| 008 | 130418s2014 nyu c 000 1 eng c | ||
| 010 | _a 2013013216 | ||
| 020 |
_a9780545502269 : _c$16.99 |
||
| 020 |
_a0545502268 : _c$16.99 |
||
| 020 | _z9780545675376 (pbk.) | ||
| 020 | _z0545675375 (pbk.) | ||
| 029 | 1 |
_aNZ1 _b15378594 |
|
| 029 | 1 |
_aAU@ _b000050879002 |
|
| 035 |
_a(OCoLC)841199126 _z(OCoLC)852226188 |
||
| 035 | _a2067719 | ||
| 035 |
_a(OCoLC)841199126 _z(OCoLC)852226188 |
||
| 035 | _a(OCoLC)ocn841199126 | ||
| 035 | _a2067719 | ||
| 040 |
_aNJQ/DLC _beng _erda _cZQP _dDLC _dOCLCO _dBTCTA _dBDX _dJBL _dJP3 _dOCLCF _dOCLCO _dIHI _dIGA |
||
| 042 |
_apcc _alcac |
||
| 049 | _aIGAA | ||
| 050 | 0 | 0 |
_aPZ7.K633528 _bSpe 2014 |
| 082 | 0 | 4 |
_a[Fic] _223 |
| 082 | 0 | 4 |
_a813.6 _223 |
| 092 | _aF | ||
| 999 |
_c196137 _d196137 |
||
| 999 | _bF | ||
| 100 | 1 |
_aKirby, Matthew J., _d1976- _eauthor. _95868427 |
|
| 245 | 1 | 0 |
_aSpell robbers / _cby Matthew J. Kirby. |
| 250 | _aFirst edition. | ||
| 264 | 1 |
_aNew York : _bScholastic Press, _c2014 |
|
| 300 |
_a263 pages ; _c22 cm. |
||
| 336 | _atext | ||
| 337 | _aunmediated | ||
| 338 | _avolume | ||
| 490 | 1 |
_aThe Quantum League ; _vbook one |
|
| 520 | _aBen Warner is invited to join a "science camp" led by a quantum physicist Dr. Madeleine Hughes, and with his new friend Peter he discovers the secret art of Actuation--the ability to change reality by imagining it differently--but he also finds that there are people willing to kill for that secret. | ||
| 650 | 0 |
_aImagination _vJuvenile fiction. _95676283 |
|
| 650 | 0 |
_aQuantum theory _vJuvenile fiction. _95680130 |
|
| 650 | 0 |
_aPhysicists _vJuvenile fiction. _95680131 |
|
| 650 | 0 |
_aFriendship _vJuvenile fiction. _95673647 |
|
| 650 | 0 |
_aAdventure stories. _978767 |
|
| 650 | 1 |
_aScience fiction. _991082 |
|
| 650 | 1 |
_aImagination _vFiction. _95674599 |
|
| 650 | 1 |
_aQuantum theory _vFiction. _95680132 |
|
| 650 | 1 |
_aPhysicists _vFiction. _95680133 |
|
| 650 | 1 |
_aFriendship _vFiction. _95673769 |
|
| 650 | 1 |
_aAdventure and adventurers _vFiction. _9102533 |
|
| 650 | 7 |
_aAdventure stories. _2fast _978767 |
|
| 650 | 7 |
_aFriendship. _2fast _984369 |
|
| 650 | 7 |
_aImagination. _2fast _985729 |
|
| 650 | 7 |
_aPhysicists. _2fast _989525 |
|
| 650 | 7 |
_aQuantum theory. _2fast _990265 |
|
| 655 | 7 |
_aScience fiction. _2gsafd _991082 |
|
| 655 | 7 |
_aAdventure fiction. _2gsafd _9102629 |
|
| 655 | 7 |
_aFiction. _2fast _95673940 |
|
| 655 | 7 |
_aJuvenile works. _2fast _95673941 |
|
| 800 | 1 |
_aKirby, Matthew J., _d1976- _tQuantum League ; _vbk. 1. _95680134 |
|
| 942 |
_2ddc _cBOOK |
||
| 948 |
_aBFP _bCHILDREN'S _pX108911447 _kJ _hF _f0 _r2 _g0 _70 _u3 _w11 _s0 _oBFP _0$16.99 _y99 _c26 _jDewey Decimal _nOn-Order _e786206-1 _9Item generated Feb 13 2015 3:20PM |
||